000 00297nam a22001337a 4500
008 170616b xxu||||| |||| 00| 0 eng d
020 _a9780801852398
041 _aeng
080 _a94
100 _a20
101 _aSHP
245 _aTHE BOUNDARIES OF CITIZENSHIP
_cSPINNER,J
942 _2udc
_cBK
999 _c17909
_d17909